| 000 | 00610 a2200193 4500 | ||
|---|---|---|---|
| 020 | _a0727732412 | ||
| 020 | _a9780727732415 | ||
| 082 | _a624.252 DAW | ||
| 100 | _aDawe, Peter. | ||
| 245 |
_aResearch perspectives : _btraffic loading on highway bridges / _cPeter Dawe. |
||
| 260 |
_aLondon ; _aReston, VA : _bThomas Telford, _c2003. |
||
| 300 |
_axix, 168 p. : _bill. ; _c25 cm. |
||
| 650 |
_aBridges _xLive loads. |
||
| 650 | _aTraffic engineering. | ||
| 650 |
_aPonts _xCharges dynamiques. |
||
| 650 | _aCirculation, Technique de la. | ||
| 650 | _aPontes. | ||
| 650 | _aEngenharia de tráfego. | ||
| 650 | _aConstruções de concreto. | ||
| 999 |
_c1460 _d1460 |
||